Bad Bunny - Bye me fui - Estadísticas

Estadísticas generales
  • Esta prueba ha sido intentada 11 veces
  • La puntuación promedio es 247 de 292
Estadísticas de respuestas
Respuesta % Correcto
a
100%
amor
100%
bye
100%
el
100%
es
100%
ese
100%
eso
100%
fui
100%
ha
100%
lo
100%
los
100%
me
100%
o
100%
por
100%
que
100%
si
100%
solo
100%
te
100%
tu
100%
un
100%
y
100%
acabo
88%
acaso
88%
buscandome
88%
canse
88%
como
88%
con
88%
cuerno
88%
de
88%
dia
88%
eh
88%
en
88%
fallaron
88%
fantasia
88%
infierno
88%
juego
88%
ni
88%
no
88%
nuevo
88%
otra
88%
pero
88%
porque
88%
querer
88%
queria
88%
se
88%
ser
88%
unicornio
88%
va
88%
viniste
88%
ya
88%
Yeh
88%
yeh
88%
adios
75%
brazos
75%
capricornio
75%
crea
75%
dieron
75%
dile
75%
diosa
75%
duermo
75%
era
75%
eres
75%
estas
75%
eterno
75%
hago
75%
hasta
75%
hoy
75%
mas
75%
mejor
75%
mi
75%
mis
75%
nadie
75%
obvio
75%
odio
75%
opcion
75%
pa
75%
pensando
75%
pierde
75%
piscis
75%
prefirio
75%
sabe
75%
saber
75%
siempre
75%
tiene
75%
valores
75%
veulto
75%
yo
75%
acostumbraste
63%
alterno
63%
bien
63%
cabron
63%
culto
63%
daño
63%
haria
63%
insulto
63%
media
63%
mezcla
63%
moderno
63%
real
63%
siquiera
63%
terminan
63%
tonto
63%
vienes
63%
baby
50%
comerno
50%
esperando
50%
hace
50%
invierno
50%
loca
50%
mai
50%
oculto
50%
poder
50%
sea
50%
sobre
50%
su
50%
tenernos
50%
tiempo
50%
veranos
50%
yerno
50%
llamaba
38%
quizas
38%
aunque
25%
gana
25%
muera
25%
podemo
25%
verno
25%
No se encontraron pruebas coincidentes
Distribución de puntuación
Porcentaje de gente con cada puntuación
Porcentaje por número respondido
Historial de tus puntuaciones
No has intentado esta prueba.